LEADER 01527nam 2200409 n 450 001 996384903603316 005 20200818213558.0 035 $a(CKB)4940000000067862 035 $a(EEBO)2240891090 035 $a(UnM)99836016e 035 $a(UnM)99836016 035 $a(EXLCZ)994940000000067862 100 $a19900822d1631 uy | 101 0 $aeng 135 $aurbn||||a|bb| 200 04$aThe mischiefe and miserie of scandals both taken, and giuen. By Ier. Dyke, minister of Epping in Essex$b[electronic resource] 210 $aLondon $cPrinted by W[illiam] S[tansby] for R. Milbourne, in Pauls Church-yard at the Grey-hound$d1631 215 $a[28], 192, 191-242 p 300 $aPrinter's name from STC. 300 $aCf. Folger catalogue, which gives signatures: [par.] A? [chi]² B-Q R² . 300 $aRunning title reads: The mischiefe of scandals. 300 $aVariant: imprint has "Milborne". 300 $aReproduction of the original in the British Library. 330 $aeebo-0018 606 $aGood and evil$vEarly works to 1800 606 $aChurch controversies$vEarly works to 1800 615 0$aGood and evil 615 0$aChurch controversies 700 $aDyke$b Jeremiah$f1584-1639.$01001094 801 0$bCu-RivES 801 1$bCu-RivES 801 2$bCStRLIN 801 2$bWaOLN 906 $aBOOK 912 $a996384903603316 996 $aThe mischiefe and miserie of scandals both taken, and giuen. By Ier. Dyke, minister of Epping in Essex$92298253 997 $aUNISA LEADER 04822oam 2200709 c 450 001 996308791003316 005 20220221094418.0 010 $a3-8394-2782-7 024 7 $ahttp://dx.doi.org/10.14361/9783839427828 035 $a(CKB)3360000000515417 035 $a(OAPEN)1007776 035 $a(WaSeSS)IndRDA00124489 035 $a(DE-B1597)427775 035 $a(OCoLC)1013949318 035 $a(OCoLC)913442914 035 $a(DE-B1597)9783839427828 035 $a(MiAaPQ)EBC2069082 035 $a(MiAaPQ)EBC6695262 035 $a(Au-PeEL)EBL6695262 035 $a(ScCtBLL)6fd07379-35da-45d4-8fae-520688833006 035 $a(transcript Verlag)9783839427828 035 $a(EXLCZ)993360000000515417 100 $a20220221d2015 uy 0 101 0 $ager 135 $auuuuu---auuuu 181 $ctxt$2rdacontent 182 $cc$2rdamedia 183 $acr$2rdacarrier 200 00$aFiasko - Scheitern in der Fru?hen Neuzeit$eBeitra?ge zur Kulturgeschichte des Misserfolgs$fStefan Brakensiek, Claudia Claridge 205 $a1st ed. 210 $aBielefeld$ctranscript Verlag$d2015 215 $a1 online resource (224 pages) 225 0 $aHistoire$v64 311 $a3-8376-2782-9 327 $aFrontmatter 1 Inhalt 5 Editorial 7 "A full Account of the rise, progress and declension of our Journal" 11 Projektemacher 39 The Darie?n Scheme 59 Fragments as Failed Texts 85 A Miserable Sight 111 Warum Religionsgespra?che scheitern 135 Substituting Fantasy for Achievement 171 Glu?cksschmied und Schiffbruch 197 Backmatter 221 330 $aWie stellen sich Menschen ihre Zukunft vor und wie gehen sie damit um, wenn sie keinen Erfolg haben? Moralische Urteile u?ber den Scheiternden sind die Regel - ein schamvoller Ru?ckzug aus der Welt oft die Reaktion. Jedoch: Verlierer sind pra?destiniert dafu?r, aus dem Scheitern zu lernen, u?ber den Zustand der Welt und das eigene Handeln nachzudenken. Was bedeutet das fu?r die Vorstellung von der Reflexivita?t der Moderne? Und gilt das bereits fu?r die Epoche der Fru?hen Neuzeit? Die Beitra?ge des Bandes widmen sich diesen Fragen - u?ber die disziplina?ren Grenzen zwischen Germanistik, Anglistik, Geschichtswissenschaft und Theologie hinweg. 330 1 $a»Die thematische Vielfalt der Beitra?ge belegt die unza?hligen Anschlussmo?glichkeiten fu?r weitere Forschungen, vertiefter u?ber die Bedeutung einer Grundkategorie menschlichen Handelns fu?r die vormoderne Gesellschaft und zeitlich daru?ber hinaus nachzudenken.« Alexander Ka?stner, Werkstatt Geschichte, 75 (2017) »Anybody interested in the early modern period or those wishing to learn about the notion of ?failure? and the philosophical implications and rhetorical strategies associated with it will find it rewarding.« Elisabeth Winkler, Anglistik 28/1 (2017) »Die Beitra?ge werfen [...] interessante Schlaglichter auf gescheiterte o?konomische, politische und literarische Projekte.« Mark Ha?berlein, www.sehepunkte.de, 16/1 (2016) Besprochen in: Vier Viertel Kult, 3 (2015), Ulrich Bro?mmling Zeitschrift fu?r Historische Forschung, 3 (2016), Wolfgang Reinhard 410 0$aHistoire 606 $aFru?he Neuzeit; Religion; Zeitung; Reisebericht; Deutschland; England; Schottland; Guyana; London; Eberhard Werner Happel; Johann Heinrich Gottlob Justi; Thomas Morus; Percy B. Shelley; Walter Raleigh; Kulturgeschichte; Geschichte der Fru?hen Neuzeit; Wissenschaftsgeschichte; Geschichtswissenschaft; Early Modernity; Newspaper; Travelogue; Germany; Scotland; Cultural History; Early Modern History; History of Science; History; 610 $aCultural History. 610 $aEarly Modern History. 610 $aEngland. 610 $aGermany. 610 $aGuyana. 610 $aHistory of Science. 610 $aHistory. 610 $aNewspaper. 610 $aReligion. 610 $aScotland. 610 $aTravelogue. 615 4$aFru?he Neuzeit; Religion; Zeitung; Reisebericht; Deutschland; England; Schottland; Guyana; London; Eberhard Werner Happel; Johann Heinrich Gottlob Justi; Thomas Morus; Percy B. Shelley; Walter Raleigh; Kulturgeschichte; Geschichte der Fru?hen Neuzeit; Wissenschaftsgeschichte; Geschichtswissenschaft; Early Modernity; Newspaper; Travelogue; Germany; Scotland; Cultural History; Early Modern History; History of Science; History; 676 $a306.09032 686 $aEC 5136$2rvk 702 $aBrakensiek$b Stefan$4edt 702 $aClaridge$b Claudia$4edt 712 02$aOGeSoMo$4fnd$4http://id.loc.gov/vocabulary/relators/fnd 801 0$bDE-B1597 801 1$bDE-B1597 906 $aBOOK 912 $a996308791003316 996 $aFiasko - Scheitern in der Frühen Neuzeit$92253457 997 $aUNISA